000 00325nam a2200133Ia 4500
008 151021s9999 xx 000 0 und d
020 _a9966469745
050 _aDT434.E27M35
245 _a_Freedom and After
260 _aNairobi EAEP
300 _a266p
650 _a_Trade unions
980 _a^d20110302 08:59:51^okorir
999 _c6724
_d6724